000 01679nac a22003971i 4500
003 EG-ScBUE
005 20260105094804.0
008 100906t2005 nyua f b 001 0 eng d
020 _a0471164356
020 _a9780471164357
040 _aEG-ScBUE
_beng
_erda
_cEG-ScBUE
_dEG-ScBUE
041 1 _aeng
_hfre
082 0 4 _a530.12
_bCOH
_222
100 1 _aCohen- Tahnnoudji, Claude,
_eauthor.
_918382
245 1 0 _aQuantum mechanics.
_nvolume two /
_cClaude Cohen-Tannoudji, Bernard Diu, Franck Laloe ; translated from the French by Susan Reid Hemley, Nicole Ostrowsky, Dan Ostrowsky.
264 1 _aNew York :
_bJohn Wiley & Sons,
_c[2005]
264 4 _cc2005
300 _a1 volume (various pagings) :
_billustrations ;
_c25 cm.
336 _2rdacontent
_atext
_btxt
337 _aunmediated
_2rdamedia
_bn
338 _avolume
_bnc
_2rdacarrier
490 0 _aTextbook physics
504 _aIncludes bibliographical references and index.
546 _aText in English ; translated from the original French language.
650 7 _aQuantum theory.
_2BUEsh
_918383
655 _vReading book
700 1 _aDiu, Bernard,
_eauthor.
_918384
700 1 _aLaloe, Franck,
_d1940-
_eauthor.
_918385
700 1 _aHemley, Susan Reid,
_etranslator.
700 1 _aOstrowsky, Nicole,
_etranslator.
700 1 _aOstrowsky, Dan,
_etranslator.
856 4 1 _3Table of contents only
_uhttp://www.loc.gov/catdir/toc/wiley023/76005874.html
856 4 1 _3Contributor biographical information
_uhttp://www.loc.gov/catdir/enhancements/fy0607/76005874-b.html
856 4 1 _3Publisher description
_uhttp://www.loc.gov/catdir/enhancements/fy0607/76005874-d.html
942 _cBB
_2ddc
999 _c1364
_d1364